Real Animals - Sudden death - Statistics

General Stats
  • This quiz has been taken 115 times
  • The average score is 5 of 6
Answers on the Grid
Answers color-coded by a green-red scale on the quiz's grid according to % correct below.
Hypnothese
Orangutan
Eboa
Honey Badger
Koala
Brown trout
Italian Crepe
Amaconda
Woodpidgeon
Brown Bear
 
Answer Stats
Answer % Correct
Koala
92%
Orangutan
92%
Brown Bear
90%
Honey Badger
88%
Brown trout
64%
Woodpidgeon
60%
No matching quizzes found
Score Distribution
Percent of People with Each Score
Percentile by Number Answered
Your Score History
You have not taken this quiz